1420 1912 1134 1483 1755 1358 1233 1218 1831 1605 1932 1475 1122 1464 1671 1412 1655 1667 1645 1416 1662 1374 1134 1595 1727 1274 1404 1964 1133 1434 1490 1896 1170 1935 1712 1214 1123 1268 1182 1224 1063 1568 1247 1996 1960 1184 1274 1595 1642 1259 1879 1727 1062 1260 1860 1154 1983 1391 1253 1610 1816 1662 1875 1535 1785 1870 1268 1665 1593 1576 1410 1376 1452 1622 1154 1918 1026 1059 1836 1417 1388 1284 1885 1987 1875 1931 1292 1677 1073 1449 1531 1196 1947 1458 1850 1403 1162 1893 1637 BCNSPRNW ULIB Ver.6.0+V

เปลี่ยนเป็นภาษาไทย

Change to English
 แสดงรายละเอียดบรรณานุกรม
  กลับหน้าหลัก

Brief Record : Get Marc (ISO 2709) : E-mail record : QR code < ปิดหน้าต่าง
LEADER : 00000nam 2200000uu 4500
001    13399124134
003     ULIB
008    150120s2556||||th 000 0 tha d
020    ^a9786163200761
060 04 ^aWL346^bภ323ค
100 0  ^aภัคจีรา ศุภวิชชา
245 00 ^aคู่มือดูแลผู้ป่วยอัมพฤกษ์ อัมพาตและผู้ป่วยที่ต้องการความช่วยเหลือเบื้องต้น =^bThe handbook take care of the crippled patients and the patients who need the first aid /^cภัคจีรา ศุภวิชชา, บรรณาธิการเรียบเรียง
246 31 ^aThe handbook take care of the crippled patients and the patients who need the first aid
250    ^aพิมพ์ครั้งที่ 1
260    ^aกรุงเทพฯ :^bต้นธรรม สำนักพิมพ์,^c2556
300    ^a256 หน้า :^bภาพประกอบ ;^c21 ซม.
650  7 ^aผู้ป่วย, การจัดการดูแล
650  7 ^aผู้ป่วย, การวางแผนดูแล
650  7 ^aอัมพาต^xกายภาพบำบัด
650  7 ^aอัมพาต^xการฟื้นฟูสมรรถภาพ
945    ^p200^l0^i038507
945    ^p200^l0^i038508
945    ^p200^l0^i038509
945    ^p200^l0^i038510
945    ^p200^l0^i038511
945    ^p200^l0^i038512
945    ^p200^l0^i038513
945    ^p200^l0^i038514
945    ^p200^l0^i038515
945    ^p200^l0^i038516
999    ^aเกษร โพธิ์สุวรรณ
รายการนี้ยังไม่มีแท็ก
คุณยังไม่ได้ล็อกอิน คุณสามารถมีกิจกรรมร่วมกับเว็บไซต์ได้ แต่ต้องล็อกอินก่อน ::
  ล็อกอิน

รายการสื่อสารสนเทศ

ลำดับที่ ประเภท เลขเรียก/บาร์โค้ด สถานที่ สถานะ
1. วิทยาศาสตร์การแพทย์ และสุขภาพ
หนังสือสำรอง
สถานะ=หนังสือสำรอง
WL346 ภ323ค ฉ.1 
  Barcode: 038507
ห้องสมุดวิทยาเขตสวรรค์ประชารักษ์
►ส่วนจัดเก็บหนังสือเก่า สปร
บนชั้น
  ขอยืม
2. วิทยาศาสตร์การแพทย์ และสุขภาพ
วิทยาศาสตร์การแพทย์ และสุขภาพ
WL346 ภ323ค ฉ.10 
  Barcode: 038516
ห้องสมุดวิทยาเขตสวรรค์ประชารักษ์
►ส่วนจัดเก็บหนังสือเก่า สปร
บนชั้น
  ขอยืม
3. วิทยาศาสตร์การแพทย์ และสุขภาพ
วิทยาศาสตร์การแพทย์ และสุขภาพ
WL346 ภ323ค ฉ.2 
  Barcode: 038508
ห้องสมุดวิทยาเขตสวรรค์ประชารักษ์
►ส่วนจัดเก็บหนังสือเก่า สปร
บนชั้น
  ขอยืม
4. วิทยาศาสตร์การแพทย์ และสุขภาพ
วิทยาศาสตร์การแพทย์ และสุขภาพ
WL346 ภ323ค ฉ.3 
  Barcode: 038509
ห้องสมุดวิทยาเขตสวรรค์ประชารักษ์
►ส่วนจัดเก็บหนังสือเก่า สปร
บนชั้น
  ขอยืม
5. วิทยาศาสตร์การแพทย์ และสุขภาพ
วิทยาศาสตร์การแพทย์ และสุขภาพ
WL346 ภ323ค ฉ.4 
  Barcode: 038510
ห้องสมุดวิทยาเขตสวรรค์ประชารักษ์
►ส่วนจัดเก็บหนังสือเก่า สปร
บนชั้น
  ขอยืม
6. วิทยาศาสตร์การแพทย์ และสุขภาพ
วิทยาศาสตร์การแพทย์ และสุขภาพ
WL346 ภ323ค ฉ.5 
  Barcode: 038511
ห้องสมุดวิทยาเขตสวรรค์ประชารักษ์
►ส่วนจัดเก็บหนังสือเก่า สปร
บนชั้น
  ขอยืม
7. วิทยาศาสตร์การแพทย์ และสุขภาพ
วิทยาศาสตร์การแพทย์ และสุขภาพ
WL346 ภ323ค ฉ.6 
  Barcode: 038512
ห้องสมุดวิทยาเขตสวรรค์ประชารักษ์
►ส่วนจัดเก็บหนังสือเก่า สปร
บนชั้น
  ขอยืม
8. วิทยาศาสตร์การแพทย์ และสุขภาพ
วิทยาศาสตร์การแพทย์ และสุขภาพ
WL346 ภ323ค ฉ.7 
  Barcode: 038513
ห้องสมุดวิทยาเขตสวรรค์ประชารักษ์
►ส่วนจัดเก็บหนังสือเก่า สปร
บนชั้น
  ขอยืม
9. วิทยาศาสตร์การแพทย์ และสุขภาพ
วิทยาศาสตร์การแพทย์ และสุขภาพ
WL346 ภ323ค ฉ.8 
  Barcode: 038514
ห้องสมุดวิทยาเขตสวรรค์ประชารักษ์
►ส่วนจัดเก็บหนังสือเก่า สปร
บนชั้น
  ขอยืม
10. วิทยาศาสตร์การแพทย์ และสุขภาพ
วิทยาศาสตร์การแพทย์ และสุขภาพ
WL346 ภ323ค ฉ.9 
  Barcode: 038515
ห้องสมุดวิทยาเขตสวรรค์ประชารักษ์
►หนังสือทั่วไป
บนชั้น

รายการใกล้เคียง
    ผู้แต่ง [ภัคจีรา ศุภวิชชา]

    หัวเรื่อง [ผู้ป่วย, การจัดการดูแล]
    หัวเรื่อง [ผู้ป่วย, การวางแผนดูแล]

BibComment


ยังไม่เคยถูกคอมเมนท์

คอมเมนท์ทรัพยากรรายการนี้
  คอมเมนท์: คู่มือดูแลผู้ป่ว..


 Copyright 2026. Bcnsprnw @Library